00470cam a2200157ua 45000010005000000080039000050400009000440820008000531000032000612450076000932500009001692600042001783000023002206530014002436530055002572857110912n ii |||gr||||Z||||||asm cMAIN a9201 aBarthakur, Prabin,eEditor.11aSiksha ratna dr. Dandeswar Gogoir jivani aru kriticby Prabin Barthakur a1st. aGuahati:bState academic council,996. a208p:bill;c23cm. aBiography aSiksha ratna dr. Dandeswar Gogoir jivani aru kriti